00897nam a2200193Ia 4500003000400000005001700004008004100021020001800062040000900080082002100089100002200110245013500132260004800267300000900315942004800324952015700372952015700529999001700686OSt20200616130436.0190216s9999||||xx |||||||||||||| ||und|| a9780195677911 coclc a304.60954bDYS/T aDyson, Tim 92938 0aTwenty First Century India Population, Economy, Human Development And The Environment /cTim Dyson ; Robert Cassen ; Leela Visaria bOxford University Press,aNew Delhi:c2005. a414p cBK2ddch304.60954iDYS/Tk304.60954mDYS/T 00102ddc40708SOCIAL SCIENCEaMESbMEScSOCIAL SCIENCEd2019-02-20g395.00l0o304.60954 DYS/Tp29715r2019-02-20 00:00:00t1w2019-02-20yBKzGL50R4 00102ddc40708SOCIAL SCIENCEaMESbMEScSOCIAL SCIENCEd2019-02-20g395.00l0o304.60954 DYS/Tp30806r2019-02-20 00:00:00t2w2019-02-20yBKzGL50R4 c21044d21044